=LDR 00000nam 2200000 4500 =001 INLIS000000000030907 =005 20240807112111 =035 ##$$a 0010-061300000030907 =008 240807################g##########0#ind## =041 ##$$a ind =082 ##$$a 813 k =090 ##$$a 813k, Riy t =100 ##$$a Riyanto, Slamet =245 1#$$a The story of, Banta Barensyah, /$c Slamet Riyanto2008 =260 ##$$a Yogyakarta :$b Pustaka Pelajar,$c 2008 =300 ##$$a 66 hlm : $b Ilus. ; $c 21 cm =650 #4$$a Fiksi Indonesia Kanak-kanak =850 ##$$a NBPNMAT =020 ##$$a 9786028300315 =084 ##$$a 813 k RIY t =250 ##$$a cet. I =990 ##$$a 33953395 =990 ##$$a 20901395 =990 ##$$a 20901395 =990 ##$$a 16411641 =990 ##$$a 16421642 =990 ##$$a 20901393 =990 ##$$a 20901395